Responses for Show #7131 - Monday, September 21, 2015

Contestants

[<< previous game]

Gordon Reid, a project manager from Fort Worth, Texas

Sue Corbett, a writer from Newport News, Virginia

Natalie Lips, an office assistant from Lincoln, Nebraska (whose 2-day cash winnings total $36,400)

[next game >>]

Jeopardy! Round responses

YIPES, MOTHER GOOSE
STAMPS
SCHOOL DAYS
A "NON" CATEGORY
MONTANA
THAT SOUNDS FAMILIAL
    $200 5
a shoe

Gordon
    $200 14
(Gordon: What are bridges?)

lighthouses

NatalieGordon
    $200 11
Emeril Lagasse

Gordon
    $200 21
non-alcoholic

Natalie
    $200 28
[The end-of-round signal sounds.]

the pine

Gordon
    $200 1
a sister city

Natalie
    $400 7
Yankee Doodle

Sue
    $400 15
(Sue: What is the Purple Heart?)

the Medal of Honor

SueGordon
    $400 12
Neil Diamond

Natalie
    $400 22
nonprofit

Natalie
    $400 27
Gideon

Sue
    $400 2
a grandfather clause

Natalie
    $600 8
Simple Simon

Gordon
    $600 18
water lilies

Natalie
    $600 13
Jon Bon Jovi

Triple Stumper
    $600 16
(Sue: What is freestanding?)

non-bearing

Sue
Triple Stumper
    $600 17
Lewis & Clark

Natalie
    $600 3
a mother lode

Natalie
    $800 9
Jack

Sue
    $800 19
Julia Child

Natalie
    $800 23
non-partisan

Natalie
    $800 25
British Columbia

Gordon
    $800 4
blood brothers

Sue
    $1000 10
(Sue: What are blackbirds?)
(Gordon: What is sixpence?)

rye

SueGordon
Triple Stumper
    $1000 20
Rudolph the Red-Nosed Reindeer

Sue
    $3,000 24
(Alex: And we have a less than a minute to go now to finish the round.)

nonviolence

Natalie
    $1000 26
Billings

Sue
    $1000 6
kissing cousins

Gordon

Scores at the first commercial break (after clue 15):

Natalie Sue Gordon
$1,800 $600 $1,200

Scores at the end of the Jeopardy! Round:

Natalie Sue Gordon
$8,200 $2,400 $2,200

Double Jeopardy! Round responses

FOOD FOR THOUGHT
THEY'RE PLAYING OUR SONG
RED-LETTER DAY
NOTHING BUT SKIN & BONES
FAMOUS LAST WORDS
WHAT A CLICHÉ!
    $400 12
mercury

Sue
    $400 19
No Doubt

Gordon
    $400 1
Kaiser Wilhelm II

Natalie
    $400 6
sweat glands

Triple Stumper
    $400 24
(Alex: Correct with a minute to go.)

Joe DiMaggio

Sue
    $400 11
(Natalie: What is across the tracks?)

the wrong side of the tracks

NatalieSue
    $800 13
a pomegranate

Gordon
    $800 18
The Commodores

Triple Stumper
    $800 2
the Philippines

Natalie
    $800 7
the collarbones

Gordon
    $800 23
Marie Antoinette

Sue
    $1200 14
(Sue: What is Georgia?)
(Gordon: What is Texas?)

Louisiana

SueGordon
Triple Stumper
    $1200 17
(Alex: Yeah, that made you smile.)
(Natalie: Yep.)

The Monkees

Natalie
    $1200 3
(Gordon: Who is Charles II?)

Oliver Cromwell

NatalieGordon
    $1200 8
the patella

Natalie
    $1200 22
(Walt) Disney

Natalie
    $1200 29
[The end-of-round signal sounds.]

the usual suspects

Gordon
    $1600 25
canola oil

Gordon
    $1600 16
The Band Perry

Natalie
    $2,000 4
(Natalie: Who is Patrick Henry?)

Nathan Hale

Natalie
    $1600 9
(Gordon: What is melanin?)

vitamin E

Gordon
Triple Stumper
    $1600 21
Winston Churchill

Gordon
    $2,600 28
the writing on the wall

Natalie
    $2000 26
Jarlsberg

Gordon
    $2000 15
Weezer

Triple Stumper
    $2000 5
Botany Bay

Gordon
    $2000 10
the occipital bone

Natalie
    $2000 20
Pancho Villa

Gordon
    $2000 27
fall far from the tree

Natalie

Scores at the end of the Double Jeopardy! Round:

Natalie Sue Gordon
$20,000 $3,200 $10,600

[wagering suggestions for these scores]

Final Jeopardy! Round responses

WORLD OF BOOKS
SueWhat is The Little Prince?
$1,200
GordonWhat is The Prince
$10,548
NatalieWhat is The Prince?
$1,201
The Prince (by Machiavelli)

Final scores:

Natalie Sue Gordon
$21,201 $2,000 $21,148
3-day champion: $57,601 3rd place: $1,000 2nd place: $2,000

Game dynamics:

Coryat scores:

Natalie Sue Gordon
$19,000 $3,200 $10,600
22 R
(including 2 DDs),
2 W
(including 1 DD)
10 R,
4 W
16 R,
5 W

Combined Coryat: $32,800

[game clues] [game scores] [suggest correction]

Game tape date: 2015-08-26
The J! Archive is created by fans, for fans. Scraping, republication, monetization, and malicious use prohibited; this site may use cookies and collect identifying information. See terms. The Jeopardy! game show and all elements thereof, including but not limited to copyright and trademark thereto, are the property of Jeopardy Productions, Inc. and are protected under law. This website is not affiliated with, sponsored by, or operated by Jeopardy Productions, Inc. Join the discussion at JBoard.tv.